Evolve or Die / (Record no. 4966)

MARC details
000 -LEADER
fixed length control field 01062nam a22003017a 4500
001 - CONTROL NUMBER
control field 4966
003 - CONTROL NUMBER IDENTIFIER
control field FISKH
005 - DATE AND TIME OF LATEST TRANSACTION
control field 20241107103454.0
008 - FIXED-LENGTH DATA ELEMENTS--GENERAL INFORMATION
fixed length control field 241028b cb ||||| |||| 00| 0 eng d
020 ## - INTERNATIONAL STANDARD BOOK NUMBER
International Standard Book Number 9781407105352
040 ## - CATALOGING SOURCE
Original cataloging agency FISKH
Language of cataloging eng
Transcribing agency FISKH
Modifying agency FISKH
050 ## - LIBRARY OF CONGRESS CALL NUMBER
Classification number QH375
082 ## - DEWEY DECIMAL CLASSIFICATION NUMBER
Classification number 577
100 ## - MAIN ENTRY--PERSONAL NAME
Personal name Gates, Phil
245 ## - TITLE STATEMENT
Title Evolve or Die /
Statement of responsibility, etc. by Phil Gates : illustrated by Tony De Saulles
250 ## - EDITION STATEMENT
Edition statement First published in the UK by Scholastic Ltd, 1999
260 ## - PUBLICATION, DISTRIBUTION, ETC.
Place of publication, distribution, etc. New York :
Name of publisher, distributor, etc. Scholastic ;
Date of publication, distribution, etc. 1999 .
300 ## - PHYSICAL DESCRIPTION
Extent 142 pages :
Other physical details illustrations ;
Dimensions 20 cm .
490 ## - SERIES STATEMENT
Series statement Horrible Science
505 ## - FORMATTED CONTENTS NOTE
Formatted contents note Z <br/>
520 ## - SUMMARY, ETC.
Summary, etc. Why are mutating mosquitoes humankind's worst enemy? Which dinosaurs let loose some deafening farts? Why do rabbits eat their own poo? Get the awful answers to those queasy questions in this horrible book of science.
521 8# - TARGET AUDIENCE NOTE
Target audience note 1020 <br/>
Source Lexile <br/>
521 8# - TARGET AUDIENCE NOTE
Target audience note Z <br/>
Source Raz-Plus <br/>
650 ## - SUBJECT ADDED ENTRY--TOPICAL TERM
Topical term or geographic name entry element Horrible Science
Form subdivision non-fiction
700 ## - ADDED ENTRY--PERSONAL NAME
Personal name Saulles, Tony De
Relator term illustrator
942 ## - ADDED ENTRY ELEMENTS (KOHA)
Source of classification or shelving scheme Dewey Decimal Classification
Koha item type Books
Suppress in OPAC No
Holdings
Withdrawn status Lost status Source of classification or shelving scheme Damaged status Not for loan Collection Home library Current library Shelving location Date acquired Total Checkouts Full call number Barcode Date last seen Copy number Price effective from Koha item type
    Dewey Decimal Classification     Non-Fiction Footprints International School Library Network Toul Kork Campus Footprints International School Library Network Toul Kork Campus TTP Secondary Non-Fiction Bookshelves 10/28/2024   GAT 577 QH375 FISSE00022 10/28/2024 1 10/28/2024 Books
    Dewey Decimal Classification     Non-Fiction Footprints International School Library Network Toul Kork Campus Footprints International School Library Network Toul Kork Campus TTP Secondary Non-Fiction Bookshelves 10/28/2024   GAT 577 QH375 FIS01121 11/07/2024 2 10/28/2024 Books
    Dewey Decimal Classification     Non-Fiction Footprints International School Library Network Toul Kork Campus Footprints International School Library Network Toul Kork Campus TTP Secondary Non-Fiction Bookshelves 10/28/2024   GAT 577 QH375 2024-2355 11/21/2024 3 10/28/2024 Books